000 00766nam a2200265Ia 4500
003 OSt
005 20221005082321.0
006 a|||||r|||| 00| 0
007 ta
008 221004b |||||||| |||| 00| 0 eng d
020 _a9788183875455 (hbk)
024 _a122092
037 _bGift, 15/10/2012,
_cTextual
040 _aCRL
_cCRL
_beng
041 _2eng
_aeng
082 _aX:5.45, Q2
100 _aKarim
_9212012
245 0 _aInternaitonal trade reforms and Iranian economy
260 _aNew Delhi
_bSerials Pub. India
_c2012
300 _axii,211p.
_ccm.
650 _aECONOMICS
700 _a Salarpour Mashallah
_9611794
942 _hX:5.45, Q2
_cTEXL
_2cc
999 _c989115
_d989115